000 00416nam a22001817a 4500
003 MPLRDC
005 20220104114558.0
008 210129b ||||| |||| 00| 0 eng d
082 _a857.7 ZWL
100 _a郑万隆
245 _a纸鸟
_c
250 _a一版一刷
260 _a
_b中国青年出版社
_c1990
300 _b
490 _a小说丛书
650 _a长篇小说
942 _cBK
_o857.7 ZWL
999 _c8587
_d8577